Crédito documentado : (Registro nro. 7904)

Detalles MARC
000 -LEADER
fixed length control field 01229nam a2200229Ia 4500
003 - CONTROL NUMBER IDENTIFIER
control field OSt
005 - DATE AND TIME OF LATEST TRANSACTION
control field 20210521124330.0
008 - FIXED-LENGTH DATA ELEMENTS--GENERAL INFORMATION
fixed length control field 210310s1975 c gr 000 0 s d
040 ## - CATALOGING SOURCE
Original cataloging agency CO-JMCR
Transcribing agency CO-JMCR
041 0# - LANGUAGE CODE
Language code of text/sound track or separate title spa
082 04 - DEWEY DECIMAL CLASSIFICATION NUMBER
Classification number 346.073 /
Item number R412c
Edition number 23
100 1# - MAIN ENTRY--PERSONAL NAME
Personal name Rengifo, Ramiro,
9 (RLIN) 15777
Relator term autor
245 10 - TITLE STATEMENT
Title Crédito documentado :
Remainder of title las cartas de crédito /
Statement of responsibility, etc. Ramiro Rengifo
250 ## - EDITION STATEMENT
Edition statement 1a. edición
260 ## - PUBLICATION, DISTRIBUTION, ETC.
Place of publication, distribution, etc. Medellín :
Name of publisher, distributor, etc. Banco Industrial Colombiano,
Date of publication, distribution, etc. 1975
300 ## - PHYSICAL DESCRIPTION
Extent 112 páginas ;
Dimensions 23 cm.
500 ## - GENERAL NOTE
General note Incluye notas a pie de página
505 0# - FORMATTED CONTENTS NOTE
Formatted contents note Los sujetos -- Antecedentes del Crédito documentado -- Regulación del crédito documentado -- El negocio fundamental o negocio base -- La apertura del crédito documentado -- Clases de crédito documentado -- Actuación del banco. Deberes -- Relación entre el negocio fundamental y la apertura de crédito documentado -- Derechos del banco -- Naturaleza jurídica del crédito documentado -- El trust receipt -- Nuevas tendencias en el crédito documentado -- Responsabilidad estatal por cambio de la política monetaria
650 14 - SUBJECT ADDED ENTRY--TOPICAL TERM
Topical term or geographic name entry element Cartas de crédito
9 (RLIN) 15779
Geographic subdivision Colombia
650 24 - SUBJECT ADDED ENTRY--TOPICAL TERM
Topical term or geographic name entry element Compañias comerciales financieras
9 (RLIN) 37774
942 ## - ADDED ENTRY ELEMENTS (KOHA)
Source of classification or shelving scheme Dewey Decimal Classification
Koha item type Books
Existencias
Withdrawn status Lost status Source of classification or shelving scheme Damaged status Not for loan Home library Current library Date acquired Source of acquisition Full call number Barcode Date last seen Copy number Koha item type
    Dewey Decimal Classification     Biblioteca Pública José María del Castillo y Rada Biblioteca Pública José María del Castillo y Rada 04/15/2018 Donación 346.073 / R412c 430003359 05/16/2024 Ej.1 Books